000
00238 a2200097 4500
001
49163
100
_a
Hafiz Ahmad Yar
245
_a
Islamiyat for Degree Classes
260
_a
Rawalpindi
_b
Allama Iqbal Open Univ
_c
090
_c
31855
_d
31855
942
_a
NUST-CAE
_c
M
_c
24286
999
_c
284236
_d
284236